| 000 | 00517nam a22001457a 4500 | ||
|---|---|---|---|
| 082 |
_a388.324 _bNEW _cD |
||
| 100 |
_aU.S. Department of transportation _919987 |
||
| 245 |
_aNew methods for determinig requirements for truck climing lanes _cU.S. Department of transportation |
||
| 260 |
_aVirginia _bU.S. Department of transportation _c1989 |
||
| 300 |
_av, 32p, : _bill,: |
||
| 526 |
_a0 _b0 _c0 _d388_324000000000000_NEW |
||
| 650 |
_aNUST _96342 |
||
| 700 |
_aU.S. Department of transportation _919987 |
||
| 942 |
_2ddc _cBK |
||
| 999 |
_c543360 _d543360 |
||